[Event "SRB-chT Cup"]
[Site "Kragujevac"]
[Date "2017.04.30"]
[Round "2.5"]
[White "Racic, Zivorad"]
[Black "Vuckovic, Aleksandar I"]
[Result "0-1"]
[WhiteElo "1786"]
[BlackElo "1683"]
[PlyCount "50"]
[EventDate "2017.04.29"]
[EventType "team-swiss"]
[EventRounds "6"]
[EventCountry "SRB"]
[SourceTitle "EXT 2018"]
[Source "ChessBase"]
[SourceDate "2017.10.13"]
[SourceVersion "1"]
[SourceVersionDate "2017.10.13"]
[SourceQuality "1"]
[WhiteTeam "Knic"]
[BlackTeam "Arandjelovac"]
[WhiteTeamCountry "SRB"]
[BlackTeamCountry "SRB"]

1. e4 e5 2. Nf3 Nc6 3. Bc4 Bc5 4. 0-0 d6 5. d3 Bg4 6. Bxf7+ Kxf7 7. Ng5+ Qxg5 8. Bxg5 Bxd1 9. Rxd1 Nd4 10. Rd2 Nf6 11. h3 Rhf8 12. Be3 Kg8 13. a3 Ne6 14. Bxc5 Nxc5 15. Nc3 c6 16. f3 Nh5 17. Rad1 Ne6 18. Ne2 Nhf4 19. Ng3 Rf6 20. Kh2 h5 21. b3 Nd4 22. Re1 h4 23. Nh1 Rg6 24. b4 Rxg2+ 25. Rxg2 Nxf3# 0-1